[Event "FIDE WCC Rapid 2016 Women"]
[Site "Doha"]
[Date "2016.12.26"]
[Round "2"]
[White "Gaponenko, Inna"]
[Black "Pham, Le Thao Nguyen"]
[Result "1-0"]
[WhiteElo "2411"]
[BlackElo "2351"]
[PlyCount "111"]
[EventDate "2016.??.??"]
[EventType "rapid"]
[EventCountry "QAT"]
[SourceTitle "playchess.com"]
[Source "ChessBase"]

1. e4 e5 2. Nf3 Nc6 3. Bb5 Nf6 4. O-O Nxe4 5. d4 Nd6 6. Bxc6 dxc6 7. dxe5 Nf5
8. Qxd8+ Kxd8 9. h3 h5 10. Nc3 Ke8 11. Bf4 Be6 12. Rad1 Be7 13. Ng5 Rd8 14.
Rxd8+ Bxd8 15. Nxe6 fxe6 16. Rd1 Be7 17. Ne4 b6 18. g3 c5 19. c3 Rf8 20. Bc1
Rf7 21. Kf1 h4 22. Ke2 hxg3 23. fxg3 Bd8 24. g4 Nh6 25. Bxh6 gxh6 26. Rf1 Rxf1
27. Kxf1 c4 28. Ke2 b5 29. Kf3 Kf7 30. Kg3 a5 31. h4 Kg6 32. Nc5 Kf7 33. Nb7
Be7 34. Nxa5 Bc5 35. Kf3 Be7 36. Nc6 Bxh4 37. Nd4 c6 38. Nxc6 Be1 39. a3 Bd2
40. Nd4 Bc1 41. Nxb5 Bxb2 42. Ke4 Bc1 43. a4 Ke7 44. Kd4 Kd7 45. Nd6 Kc6 46.
Nxc4 Bf4 47. Nd6 Bg3 48. Ne4 Bh2 49. Nd2 Bg1+ 50. Ke4 Bb6 51. Nb3 Ba7 52. Nd4+
Kd7 53. a5 Bc5 54. a6 Bb6 55. Kd3 Ba7 56. Nb5 1-0

[Event "FIDE WCC Rapid 2016 Women"]
[Site "Doha"]
[Date "2016.12.26"]
[Round "2"]
[White "Ju, Wenjun"]
[Black "Paehtz, Elisabeth"]
[Result "1-0"]
[WhiteElo "2579"]
[BlackElo "2463"]
[PlyCount "99"]
[EventDate "2016.??.??"]
[EventType "rapid"]
[EventCountry "QAT"]
[SourceTitle "playchess.com"]
[Source "ChessBase"]

1. d4 d5 2. Bf4 c6 3. e3 Qb6 4. Qc1 Nf6 5. c4 Bf5 6. Nc3 e6 7. c5 Qd8 8. h3
Nbd7 9. Nf3 h6 10. Be2 Ne4 11. O-O g5 12. Bh2 h5 13. Nxe4 dxe4 14. Ne5 g4 15.
Nxd7 Kxd7 16. Be5 Rg8 17. hxg4 Bxg4 18. Bxg4 hxg4 19. Qc2 Qh4 20. Qxe4 Be7 21.
Rfd1 f5 22. Qf4 Rh8 23. Kf1 Qh1+ 24. Ke2 Qxg2 25. d5 Qf3+ 26. Qxf3 gxf3+ 27.
Kxf3 Rh3+ 28. Kg2 Rh4 29. d6 Rg8+ 30. Kf3 Bd8 31. Rg1 Rgg4 32. Rxg4 fxg4+ 33.
Ke4 b6 34. b4 g3+ 35. f4 Rh2 36. a3 Rf2 37. Rh1 Rh2 38. Rg1 Bh4 39. Kf3 Rf2+
40. Kg4 Rh2 41. Bd4 b5 42. Be5 Ke8 43. e4 Kd7 44. f5 exf5+ 45. exf5 Re2 46.
Bxg3 Bf6 47. Rh1 Re3 48. Rh7+ Kd8 49. Rf7 Bb2 50. Bh4+ 1-0

[Event "FIDE WCC Rapid 2016 Women"]
[Site "Doha"]
[Date "2016.12.26"]
[Round "2"]
[White "Koneru, Humpy"]
[Black "Hallaeva, Bahar"]
[Result "0-1"]
[WhiteElo "2557"]
[BlackElo "2112"]
[PlyCount "76"]
[EventDate "2016.??.??"]
[EventType "rapid"]
[EventCountry "QAT"]
[SourceTitle "playchess.com"]
[Source "ChessBase"]

1. d4 Nf6 2. c4 e6 3. Nc3 Bb4 4. e3 O-O 5. Nge2 b6 6. a3 Bxc3+ 7. Nxc3 Bb7 8.
Bd3 d6 9. O-O Nbd7 10. e4 e5 11. d5 a5 12. b3 h6 13. Be3 Ba6 14. Qe2 Re8 15.
Rfc1 Nf8 16. b4 Ng6 17. bxa5 bxa5 18. c5 Nf4 19. Bxf4 Bxd3 20. Qxd3 exf4 21.
cxd6 cxd6 22. Qf3 Qe7 23. Nb5 Rab8 24. Nc3 Qe5 25. Rab1 Nd7 26. h3 Nc5 27. a4
Rb4 28. Rxb4 axb4 29. Nb5 Ra8 30. Qg4 Rxa4 31. Nxd6 Qxd6 32. Qc8+ Kh7 33. Rxc5
Ra1+ 34. Kh2 f3+ 35. g3 Qf6 36. Rb5 Rf1 37. Qc2 Qa1 38. g4 Qe5# 0-1

[Event "FIDE WCC Rapid 2016 Women"]
[Site "Doha"]
[Date "2016.12.26"]
[Round "2"]
[White "Saduakassova, Dinara"]
[Black "Lagno, Kateryna"]
[Result "1/2-1/2"]
[WhiteElo "2428"]
[BlackElo "2530"]
[PlyCount "91"]
[EventDate "2016.??.??"]
[EventType "rapid"]
[EventCountry "QAT"]
[SourceTitle "playchess.com"]
[Source "ChessBase"]

1. d4 Nf6 2. c4 g6 3. g3 Bg7 4. Bg2 c5 5. dxc5 Qa5+ 6. Nc3 Qxc5 7. Qb3 Nc6 8.
Nf3 O-O 9. Be3 Qa5 10. O-O d6 11. Nd5 Ne4 12. Rfd1 e6 13. Nf4 Nc5 14. Qb5 Na4
15. Rab1 a6 16. Qb3 Nc5 17. Bxc5 Qxc5 18. Nd3 Qa5 19. Nf4 Rd8 20. h4 h6 21. a3
Qc7 22. Qc2 b6 23. h5 g5 24. Nd5 Qa7 25. Nb4 Nxb4 26. axb4 Bb7 27. Rd2 Rac8 28.
Qd3 d5 29. b3 Qb8 30. Rbd1 Qd6 31. e4 Qxb4 32. exd5 exd5 33. Bh3 Rc7 34. Qb1 d4
35. Nxd4 Re8 36. Nf5 Be4 37. Qc1 Bxf5 38. Bxf5 Rce7 39. Rd8 Qc5 40. Bb1 Qc7 41.
Rxe8+ Rxe8 42. Re1 Rxe1+ 43. Qxe1 Qe5 44. Qxe5 Bxe5 45. Kg2 Kg7 46. Bd3 1/2-1/2

[Event "FIDE WCC Rapid 2016 Women"]
[Site "Doha"]
[Date "2016.12.26"]
[Round "2"]
[White "Zhao, Xue"]
[Black "Kashlinskaya, Alina"]
[Result "1/2-1/2"]
[WhiteElo "2504"]
[BlackElo "2429"]
[PlyCount "176"]
[EventDate "2016.??.??"]
[EventType "rapid"]
[EventCountry "QAT"]
[SourceTitle "playchess.com"]
[Source "ChessBase"]

1. Nf3 d5 2. d4 c6 3. Bf4 Nf6 4. e3 Bg4 5. Nbd2 Nbd7 6. h3 Bh5 7. c4 e6 8. Bd3
Be7 9. Qb3 Qc8 10. O-O O-O 11. Rac1 Re8 12. Ne5 Nxe5 13. dxe5 Nd7 14. Qc2 Nf8
15. cxd5 exd5 16. Bf5 Qd8 17. Nb3 Bg6 18. Nd4 c5 19. Nb5 Ne6 20. Bg3 Qd7 21.
Nd6 Bxd6 22. exd6 c4 23. Rfd1 Qc6 24. Bxg6 hxg6 25. Qd2 d4 26. exd4 Qd5 27. Qc3
b5 28. b3 Rac8 29. Qf3 Qxf3 30. gxf3 Nf8 31. bxc4 bxc4 32. Rc3 Rc6 33. Rdc1
Rec8 34. Ra3 a6 35. d5 Rc5 36. Rxa6 Rxd5 37. Ra7 c3 38. Rc2 Ne6 39. Kg2 Nd4 40.
d7 Rf8 41. Rc1 Ne2 42. Re1 c2 43. Rc7 c1=Q 44. Rexc1 Nxc1 45. Rxc1 Rxd7 46. Rc3
Ra8 47. a3 Ra6 48. h4 Rda7 49. Rc5 Rxa3 50. h5 gxh5 51. Rxh5 R7a5 52. Rh4 Rf5
53. f4 Ra1 54. Bh2 f6 55. Rh3 Kf7 56. Rb3 Kg6 57. Rg3+ Kf7 58. Rb3 Ra2 59. Bg3
Kg6 60. Rb7 Rfa5 61. Kh3 Ra7 62. Rb5 R2a5 63. Rb8 Kf5 64. Kg2 Ra2 65. Rb5+ Kg4
66. Bh2 f5 67. Rb3 R2a3 68. Rb6 Kh5 69. Bg3 g5 70. fxg5 Kxg5 71. Rb8 R3a4 72.
Be5 f4 73. Rf8 R7a6 74. Kf3 Ra3+ 75. Kg2 R6a4 76. Bd6 Rd3 77. Bc7 Kg4 78. Rg8+
Kf5 79. Rf8+ Kg4 80. Rg8+ Kh5 81. Rf8 Rdd4 82. Kf3 Rd3+ 83. Kg2 f3+ 84. Rxf3
Rg4+ 85. Rg3 Rdxg3+ 86. Bxg3 Rc4 87. Be5 Kg4 88. Bg3 Rc2 1/2-1/2

[Event "FIDE WCC Rapid 2016 Women"]
[Site "Doha"]
[Date "2016.12.26"]
[Round "2"]
[White "Ushenina, Anna"]
[Black "Geldiyeva, Mahri"]
[Result "1-0"]
[WhiteElo "2459"]
[BlackElo "2220"]
[PlyCount "99"]
[EventDate "2016.??.??"]
[EventType "rapid"]
[EventCountry "QAT"]
[SourceTitle "playchess.com"]
[Source "ChessBase"]

1. Nf3 d5 2. c4 c6 3. g3 Nf6 4. Bg2 g6 5. Qa4 Nbd7 6. cxd5 cxd5 7. O-O Bg7 8.
Nc3 O-O 9. d3 a6 10. Qh4 Re8 11. Bh6 Nf8 12. Rfc1 Qb6 13. Bxg7 Kxg7 14. Na4 Qd6
15. Qd4 Bf5 16. Qb6 Qe6 17. Qxe6 Nxe6 18. Nb6 Rad8 19. Rc2 g5 20. Rac1 h6 21.
Kf1 Bg6 22. Ne5 Rd6 23. Na4 Bh5 24. e3 Nd7 25. Nxd7 Rxd7 26. Nb6 Rd6 27. Nxd5
Bg6 28. Rc3 Nf8 29. d4 e6 30. Nc7 Re7 31. a4 b5 32. axb5 axb5 33. b4 e5 34. d5
e4 35. Rc6 Rdd7 36. R6c5 f5 37. h3 Bf7 38. g4 f4 39. Kg1 Ng6 40. Nxb5 Rxd5 41.
Nd4 Rb7 42. Bxe4 Rxc5 43. bxc5 Rc7 44. c6 fxe3 45. fxe3 Ne7 46. Nb5 Rc8 47. c7
Bd5 48. Bf5 Ra8 49. Nd6 Ra2 50. e4 1-0

[Event "FIDE WCC Rapid 2016 Women"]
[Site "Doha"]
[Date "2016.12.26"]
[Round "2"]
[White "Zhu, Chen"]
[Black "Abdumalik, Zhansaya"]
[Result "0-1"]
[WhiteElo "2419"]
[BlackElo "2405"]
[PlyCount "72"]
[EventDate "2016.??.??"]
[EventType "rapid"]
[EventCountry "QAT"]
[SourceTitle "playchess.com"]
[Source "ChessBase"]

1. d4 Nf6 2. c4 g6 3. Nc3 d5 4. Bg5 Bg7 5. Bxf6 Bxf6 6. cxd5 c5 7. Nf3 cxd4 8.
Nxd4 Qb6 9. e3 Qxb2 10. Bb5+ Nd7 11. Ne4 Bxd4 12. Qxd4 Qxd4 13. exd4 a6 14.
Bxd7+ Bxd7 15. O-O Bf5 16. Nc5 O-O-O 17. Rfe1 Rhe8 18. f3 h5 19. Ne4 Kb8 20.
Re3 e6 21. Nf6 Rf8 22. g4 hxg4 23. fxg4 Bc2 24. Rc1 Ba4 25. dxe6 fxe6 26. Rxe6
Rxd4 27. g5 Bc6 28. Rb1 Ka7 29. Rb2 Rh8 30. Re1 Rh3 31. Rbe2 Ra3 32. Rc1 Ra5
33. Nh7 Rg4+ 34. Kf2 Rg2+ 35. Ke1 Rg1+ 36. Kd2 Rd5+ 0-1

[Event "FIDE WCC Rapid 2016 Women"]
[Site "Doha"]
[Date "2016.12.26"]
[Round "2"]
[White "Arabidze, Meri"]
[Black "Krivec, Jana"]
[Result "1/2-1/2"]
[WhiteElo "2379"]
[BlackElo "2264"]
[PlyCount "74"]
[EventDate "2016.??.??"]
[EventType "rapid"]
[EventCountry "QAT"]
[SourceTitle "playchess.com"]
[Source "ChessBase"]

1. d4 d5 2. c4 dxc4 3. e4 Nf6 4. e5 Nd5 5. Bxc4 Nb6 6. Bd3 Nc6 7. Ne2 Be6 8.
Nbc3 Bc4 9. Bxc4 Nxc4 10. e6 fxe6 11. O-O g6 12. Qd3 Nb6 13. Bg5 Bg7 14. Rad1
e5 15. d5 Nd4 16. Rfe1 Nxe2+ 17. Rxe2 O-O 18. h4 Qd7 19. Qg3 e6 20. dxe6 Qxe6
21. b3 c6 22. Red2 e4 23. Re2 Be5 24. Qe3 Nd5 25. Nxd5 cxd5 26. Qc5 Rf5 27.
Rxd5 Bh2+ 28. Kxh2 Rxd5 29. Qc7 Qe5+ 30. Qxe5 Rxe5 31. Rc2 Rf8 32. Kg3 Ref5 33.
Be3 Ra5 34. a4 b6 35. Rc7 Rf7 36. Rc8+ Rf8 37. Rc7 Rf7 1/2-1/2

[Event "FIDE WCC Rapid 2016 Women"]
[Site "Doha"]
[Date "2016.12.26"]
[Round "2"]
[White "Khademalsharieh, Sarasadat"]
[Black "Tan, Zhongyi"]
[Result "1/2-1/2"]
[WhiteElo "2438"]
[BlackElo "2496"]
[PlyCount "121"]
[EventDate "2016.??.??"]
[EventType "rapid"]
[EventCountry "QAT"]
[SourceTitle "playchess.com"]
[Source "ChessBase"]

1. d4 Nf6 2. c4 e6 3. Nf3 b6 4. g3 Bb7 5. Bg2 Bb4+ 6. Bd2 Bxd2+ 7. Qxd2 O-O 8.
O-O d6 9. Nc3 Ne4 10. Nxe4 Bxe4 11. b4 Nd7 12. Rfd1 Qe7 13. Rac1 Rfc8 14. c5
bxc5 15. bxc5 Nf6 16. Qa5 h6 17. Qa6 Rcb8 18. Qa5 Rb2 19. Rd2 Rb7 20. Ne1 Bxg2
21. Kxg2 Ne4 22. Rdc2 dxc5 23. dxc5 a6 24. Qa4 Nf6 25. Qc6 Rbb8 26. Nd3 Qd7 27.
Qxd7 Nxd7 28. c6 Nf6 29. Nc5 Rb5 30. e4 Kf8 31. Nd7+ Ke8 32. Nxf6+ gxf6 33. Rd1
Rb6 34. Rd3 Rd8 35. Rdc3 Rd4 36. Rf3 Ke7 37. Rf4 Rbb4 38. Re2 h5 39. Re3 Rbc4
40. Ref3 f5 41. exf5 Rxf4 42. gxf4 Rxc6 43. Rh3 Rc5 44. Rxh5 exf5 45. Rh6 Ra5
46. Rc6 Rxa2 47. Rxc7+ Kf6 48. Rc6+ Kg7 49. h4 a5 50. h5 a4 51. h6+ Kh7 52. Rf6
a3 53. Rxf7+ Kxh6 54. Rxf5 Rb2 55. Ra5 a2 56. Kg3 Kg6 57. f5+ Kf6 58. f3 Kg5
59. f4+ Kf6 60. Kg4 Rg2+ 61. Kf3 1/2-1/2

[Event "FIDE WCC Rapid 2016 Women"]
[Site "Doha"]
[Date "2016.12.26"]
[Round "3"]
[White "Lagno, Kateryna"]
[Black "Charochkina, Daria"]
[Result "1-0"]
[WhiteElo "2530"]
[BlackElo "2383"]
[PlyCount "85"]
[EventDate "2016.??.??"]
[EventType "swiss"]
[EventCountry "QAT"]
[SourceTitle "playchess.com"]
[Source "ChessBase"]

1. e4 c6 2. Nc3 d5 3. Nf3 Nf6 4. e5 Ne4 5. Nb1 Qb6 6. d4 e6 7. Bd3 c5 8. c3 Nc6
9. O-O Bd7 10. Na3 Rc8 11. Nc2 cxd4 12. cxd4 Be7 13. h4 O-O 14. Ng5 f5 15. exf6
Nxf6 16. Re1 Nb4 17. Nxb4 Bxb4 18. Re2 h6 19. Nf3 Be8 20. a3 Bd6 21. Qe1 Bh5
22. Rxe6 Bg4 23. Bf4 Ne4 24. Bxd6 Nxd6 25. Re7 Bxf3 26. gxf3 Qxd4 27. Qe6+ Kh8
28. Qg6 Ne4 29. fxe4 Rxf2 30. Kh1 Qxb2 31. Re8+ Rf8 32. Rxf8+ Rxf8 33. Rg1 Qd4
34. Rg3 Qa1+ 35. Kh2 Rf2+ 36. Rg2 Qe5+ 37. Qg3 Rf4 38. exd5 Rxh4+ 39. Kg1 Qd4+
40. Qf2 Qa1+ 41. Bf1 Re4 42. Qf8+ Kh7 43. Qf5+ 1-0

[Event "FIDE WCC Rapid 2016 Women"]
[Site "Doha"]
[Date "2016.12.26"]
[Round "3"]
[White "Hallaeva, Bahar"]
[Black "Ushenina, Anna"]
[Result "1/2-1/2"]
[WhiteElo "2112"]
[BlackElo "2459"]
[PlyCount "109"]
[EventDate "2016.??.??"]
[EventType "swiss"]
[EventCountry "QAT"]
[SourceTitle "playchess.com"]
[Source "ChessBase"]

1. e4 c5 2. c3 Nf6 3. e5 Nd5 4. d4 cxd4 5. Nf3 Nc6 6. cxd4 d6 7. Bc4 dxe5 8.
Nxe5 e6 9. O-O Bd6 10. Nxc6 bxc6 11. Nc3 O-O 12. Ne4 Bxh2+ 13. Kxh2 Qh4+ 14.
Kg1 Qxe4 15. Re1 Qg6 16. Re5 f5 17. Qa4 Bb7 18. Bxd5 cxd5 19. Bd2 Qe8 20. Qa5
Qd7 21. Rae1 Rfe8 22. Bb4 Bc6 23. Bc5 Qc8 24. Qd2 Bd7 25. R5e3 Qc6 26. Rc3 Qa6
27. Ra3 Qc6 28. Bxa7 Rec8 29. Bc5 Rxa3 30. Bxa3 Qc2 31. Qb4 Qc6 32. Re3 Qc1+
33. Kh2 Qc7+ 34. Qd6 Kf7 35. Qxc7 Rxc7 36. Bc5 g5 37. Rb3 e5 38. Bd6 Rc2 39.
Bxe5 Rxf2 40. Rb7 Ke7 41. a4 Rf1 42. a5 Ra1 43. b4 f4 44. Rb6 Ra2 45. Kg1 Bf5
46. Bf6+ Kd7 47. Bxg5 Be4 48. Bxf4 Rxg2+ 49. Kf1 Ra2 50. Bh6 Ke7 51. Ke1 Bd3
52. Bg5+ Kf7 53. Bh6 Ke7 54. Bg5+ Kf7 55. Bh6 1/2-1/2

[Event "FIDE WCC Rapid 2016 Women"]
[Site "Doha"]
[Date "2016.12.26"]
[Round "3"]
[White "Abdumalik, Zhansaya"]
[Black "Harika, Dronavalli"]
[Result "1/2-1/2"]
[WhiteElo "2405"]
[BlackElo "2543"]
[PlyCount "106"]
[EventDate "2016.??.??"]
[EventType "swiss"]
[EventCountry "QAT"]
[SourceTitle "playchess.com"]
[Source "ChessBase"]

1. e4 c5 2. Nf3 Nc6 3. d4 cxd4 4. Nxd4 Nf6 5. Nc3 e5 6. Ndb5 d6 7. Bg5 a6 8.
Na3 b5 9. Nd5 Be7 10. Bxf6 Bxf6 11. c4 b4 12. Nc2 O-O 13. g3 a5 14. b3 Be6 15.
Bg2 Bg5 16. O-O Ne7 17. f4 Bxd5 18. fxg5 Be6 19. h4 a4 20. Qd2 Nc6 21. Kh2 Qb6
22. h5 Nd4 23. Nxd4 Qxd4 24. Rad1 Qxd2 25. Rxd2 axb3 26. axb3 Ra3 27. Rb1 Rd8
28. h6 gxh6 29. gxh6 Kf8 30. Bh3 Bxh3 31. Kxh3 Ke7 32. Rd5 Rg8 33. c5 Rg6 34.
cxd6+ Rxd6 35. Rxe5+ Kf8 36. Rb5 Rxh6+ 37. Kg4 Ra2 38. Rd1 Rg6+ 39. Kf3 Rf6+
40. Rf5 Rxf5+ 41. exf5 Rb2 42. Rd3 Kg7 43. Kf4 h6 44. Ke5 Re2+ 45. Kf4 Rf2+ 46.
Ke5 Re2+ 47. Kf4 Rf2+ 48. Ke5 h5 49. Rd4 Rf3 50. Rxb4 Rxg3 51. Rh4 f6+ 52. Kf4
Rxb3 53. Rxh5 Rb4+ 1/2-1/2

[Event "FIDE WCC Rapid 2016 Women"]
[Site "Doha"]
[Date "2016.12.26"]
[Round "3"]
[White "Zhukova, Natalia"]
[Black "Koneru, Humpy"]
[Result "0-1"]
[WhiteElo "2440"]
[BlackElo "2557"]
[PlyCount "64"]
[EventDate "2016.??.??"]
[EventType "swiss"]
[EventCountry "QAT"]
[SourceTitle "playchess.com"]
[Source "ChessBase"]

1. d4 e6 2. Nf3 c5 3. c4 a6 4. e4 cxd4 5. Nxd4 Qc7 6. Be2 Nf6 7. Nc3 b6 8. O-O
Bb7 9. Qd3 d6 10. f4 Nbd7 11. Qe3 Be7 12. b3 O-O 13. Bb2 g6 14. Bf3 e5 15. Nde2
d5 16. fxe5 Bc5 17. Nd4 dxe4 18. exf6 exf3 19. Nd5 Bxd5 20. cxd5 Qe5 21. Qxe5
Nxe5 22. b4 fxg2 23. Kxg2 Bxb4 24. Nc6 Nxc6 25. dxc6 Rac8 26. Rac1 Bc5 27. Rf3
Rfd8 28. Rb3 Rxc6 29. Ba3 Rd2+ 30. Kh3 Rxf6 31. Bxc5 bxc5 32. Rxc5 Rxa2 0-1

[Event "FIDE WCC Rapid 2016 Women"]
[Site "Doha"]
[Date "2016.12.26"]
[Round "3"]
[White "Gunina, Valentina"]
[Black "Saduakassova, Dinara"]
[Result "1/2-1/2"]
[WhiteElo "2525"]
[BlackElo "2428"]
[PlyCount "121"]
[EventDate "2016.??.??"]
[EventType "swiss"]
[EventCountry "QAT"]
[SourceTitle "playchess.com"]
[Source "ChessBase"]

1. d4 Nf6 2. c4 e6 3. Nf3 c5 4. d5 d6 5. Nc3 exd5 6. cxd5 g6 7. Bf4 Bg7 8. h3
O-O 9. e3 Na6 10. Bxa6 bxa6 11. O-O Rb8 12. Qc2 Bf5 13. Qe2 Ne4 14. Rac1 Qb6
15. Nd2 Nxd2 16. Qxd2 Rfd8 17. b3 Qb4 18. Rfe1 Rb6 19. e4 Bc8 20. Bh6 Qd4 21.
Qg5 Qf6 22. Qe3 Re8 23. Bxg7 Kxg7 24. f4 Rb4 25. e5 Qxf4 26. Qxf4 Rxf4 27. exd6
Rd8 28. Ne4 Bf5 29. Nxc5 Rxd6 30. Rc4 g5 31. Rd1 Kf6 32. Nb7 Rd7 33. Rc6+ Ke5
34. Na5 Rd4 35. Rxd4 Kxd4 36. d6 Bd3 37. a4 Kd5 38. Rc3 Kd4 39. Rc7 Rxd6 40.
Rxf7 Kc3 41. Rxa7 Kb4 42. Nc4 Bxc4 43. bxc4 h6 44. Kf2 Kxc4 45. Rb7 Kc5 46. Kf3
Rd3+ 47. Kg4 Rd4+ 48. Kh5 Rxa4 49. Kxh6 Ra2 50. g4 Ra3 51. Kxg5 Rxh3 52. Kf5 a5
53. g5 a4 54. g6 Rg3 55. Kf6 Kc4 56. g7 a3 57. Ra7 Kb3 58. Rb7+ Kc2 59. Rc7+
Kb3 60. Re7 Rxg7 61. Rxg7 1/2-1/2

[Event "FIDE WCC Rapid 2016 Women"]
[Site "Doha"]
[Date "2016.12.26"]
[Round "3"]
[White "Dzagnidze, Nana"]
[Black "Gvetadze, Sofio"]
[Result "1-0"]
[WhiteElo "2520"]
[BlackElo "2283"]
[PlyCount "55"]
[EventDate "2016.??.??"]
[EventType "swiss"]
[EventCountry "QAT"]
[SourceTitle "playchess.com"]
[Source "ChessBase"]

1. Nf3 Nf6 2. c4 g6 3. b3 Bg7 4. Bb2 O-O 5. g3 d6 6. d4 Nbd7 7. Bg2 c6 8. O-O
Qc7 9. Nc3 Re8 10. e4 e5 11. d5 c5 12. Ne1 Nf8 13. Nd3 h6 14. Qd2 N6h7 15. f4
exf4 16. gxf4 a6 17. e5 Bf5 18. Ne4 Bxe4 19. Bxe4 Qe7 20. Rae1 g5 21. e6 gxf4
22. Kh1 Ng5 23. Nxf4 Nxe4 24. Rxe4 f5 25. Rg1 fxe4 26. Nh5 Ng6 27. Rxg6 e3 28.
Qg2 1-0

[Event "FIDE WCC Rapid 2016 Women"]
[Site "Doha"]
[Date "2016.12.26"]
[Round "3"]
[White "Kashlinskaya, Alina"]
[Black "Arabidze, Meri"]
[Result "1-0"]
[WhiteElo "2429"]
[BlackElo "2379"]
[PlyCount "67"]
[EventDate "2016.??.??"]
[EventType "swiss"]
[EventCountry "QAT"]
[SourceTitle "playchess.com"]
[Source "ChessBase"]

1. d4 f5 2. c4 e6 3. g3 Nf6 4. Bg2 c6 5. Nd2 d5 6. Nh3 Bd6 7. O-O O-O 8. Qc2
Qe7 9. Nf3 Nbd7 10. Bf4 Ne4 11. Bxd6 Qxd6 12. Nf4 b6 13. b4 Bb7 14. Rac1 Rac8
15. c5 Qe7 16. Qa4 a5 17. cxb6 Nxb6 18. Qxa5 Ra8 19. Qxb6 Ra6 20. Rxc6 Rxb6 21.
Rxb6 Nd6 22. a4 Nc4 23. Rxe6 Qxb4 24. Ng5 Nd2 25. Nxd5 Bxd5 26. Bxd5 Qxd4 27.
Re5+ Kh8 28. Nf7+ Kg8 29. Rxf5 Rxf7 30. Bxf7+ Kf8 31. Rc1 g6 32. Rf4 Ne4 33.
Bxg6+ Kg7 34. Bxe4 1-0

[Event "FIDE WCC Rapid 2016 Women"]
[Site "Doha"]
[Date "2016.12.26"]
[Round "3"]
[White "Geldiyeva, Mahri"]
[Black "Paehtz, Elisabeth"]
[Result "1-0"]
[WhiteElo "2220"]
[BlackElo "2463"]
[PlyCount "132"]
[EventDate "2016.??.??"]
[EventType "swiss"]
[EventCountry "QAT"]
[SourceTitle "playchess.com"]
[Source "ChessBase"]

1. d4 d6 2. Nf3 g6 3. b3 Bg7 4. Bb2 c6 5. e4 Nf6 6. Nbd2 O-O 7. Bd3 Na6 8. O-O
Nh5 9. Re1 Nc7 10. Bf1 Nf4 11. Qc1 Bh6 12. c4 d5 13. Qc3 Bg4 14. Ne5 Be6 15.
Rad1 Bg7 16. Qe3 Nh5 17. f4 Nf6 18. Bd3 Qc8 19. Rf1 dxe4 20. Nxe4 Bf5 21. Nxf6+
exf6 22. Nf3 Re8 23. Qd2 Bxd3 24. Qxd3 Qg4 25. f5 Rad8 26. Rfe1 gxf5 27. Rxe8+
Rxe8 28. d5 Rd8 29. Nd4 cxd5 30. Nxf5 d4 31. Bxd4 Ne6 32. Ne7+ Kh8 33. Nd5 Nf4
34. Qf3 Qxf3 35. gxf3 Nxd5 36. Bxa7 Ra8 37. Rxd5 Rxa7 38. Rd8+ Bf8 39. Rxf8+
Kg7 40. Rb8 Kg6 41. a4 Kf5 42. Kf2 Kf4 43. Rd8 b6 44. Rd4+ Ke5 45. Ke3 f5 46.
Rd5+ Ke6 47. Kf4 Rc7 48. Re5+ Kd6 49. Rxf5 Re7 50. Rd5+ Kc6 51. a5 bxa5 52.
Rxa5 Re2 53. Rh5 Rb2 54. Rxh7 Rxb3 55. Rxf7 Rc3 56. Re7 Rxc4+ 57. Re4 Rc2 58.
Kg3 Kd7 59. h4 Rc1 60. h5 Rg1+ 61. Kf4 Kd6 62. h6 Rg6 63. Ra4 Kd5 64. Ra5+ Kd4
65. Rh5 Rg8 66. h7 Rh8 1-0

[Event "FIDE WCC Rapid 2016 Women"]
[Site "Doha"]
[Date "2016.12.26"]
[Round "3"]
[White "Tan, Zhongyi"]
[Black "Gaponenko, Inna"]
[Result "0-1"]
[WhiteElo "2496"]
[BlackElo "2411"]
[PlyCount "112"]
[EventDate "2016.??.??"]
[EventType "swiss"]
[EventCountry "QAT"]
[SourceTitle "playchess.com"]
[Source "ChessBase"]

1. Nf3 d5 2. d4 Nf6 3. c4 e6 4. Nc3 c6 5. Bg5 dxc4 6. e4 b5 7. e5 h6 8. Bh4 g5
9. Nxg5 hxg5 10. Bxg5 Nbd7 11. exf6 Bb7 12. g3 c5 13. d5 Qb6 14. Bg2 O-O-O 15.
O-O b4 16. Rb1 Qa6 17. dxe6 Bxg2 18. e7 Bxf1 19. Kxf1 Qc6 20. exd8=Q+ Kxd8 21.
Nd5 Rxh2 22. Kg1 Rh8 23. Qf3 Ne5 24. Qe4 Bd6 25. Rd1 Re8 26. Bf4 Nd3 27. Qxc4
Nxb2 28. Ne7 Nxc4 29. Nxc6+ Kc7 30. Bxd6+ Nxd6 31. Ne7 Ne4 32. Nd5+ Kb7 33. Kg2
Re6 34. Rc1 a5 35. f3 Nxf6 36. Nxf6 Rxf6 37. Rxc5 Kb6 38. Rd5 Rc6 39. Rd2 a4
40. Kh3 Kb5 41. Kg4 b3 42. axb3 axb3 43. f4 Kc4 44. Rd1 b2 45. Rf1 Rb6 46. Rb1
Kc3 47. f5 Kc2 48. Rf1 b1=Q 49. Rxb1 Kxb1 50. Kh5 Kc2 51. g4 Kd3 52. g5 Ke4 53.
f6 Kf5 54. Kh6 Rb7 55. g6 fxg6 56. f7 Rb8 0-1

[Event "FIDE WCC Rapid 2016 Women"]
[Site "Doha"]
[Date "2016.12.26"]
[Round "3"]
[White "Pham, Le Thao Nguyen"]
[Black "Zhao, Xue"]
[Result "1-0"]
[WhiteElo "2351"]
[BlackElo "2504"]
[PlyCount "131"]
[EventDate "2016.??.??"]
[EventType "swiss"]
[EventCountry "QAT"]
[SourceTitle "playchess.com"]
[Source "ChessBase"]

1. d4 Nf6 2. Nf3 b6 3. Bf4 Bb7 4. e3 g6 5. Nbd2 Bg7 6. h3 d6 7. Be2 O-O 8. O-O
Nbd7 9. a4 a5 10. c3 e6 11. Bh2 Qe7 12. Nc4 Ne4 13. Na3 f5 14. Nd2 Ndf6 15. f3
Ng5 16. Nb5 Nd5 17. Nc4 e5 18. Qd2 Rae8 19. Rae1 Nf7 20. Bd1 Bh6 21. dxe5 dxe5
22. Bb3 c6 23. Nba3 Ba6 24. Qf2 e4 25. f4 Bg7 26. Rd1 Rd8 27. Rfe1 Rd7 28. Bg3
Bf6 29. Nc2 Qc5 30. Ne5 Nxe5 31. fxe5 Bg7 32. Nd4 Re8 33. e6 Rdd8 34. Bh4 Rd6
35. Bg3 Rdd8 36. Bh4 Rd6 37. Bg3 Rdxe6 38. Nxe6 Rxe6 39. Bxd5 cxd5 40. Qf4 Be5
41. Qf2 Bf6 42. Bh4 Bg7 43. Qf4 h6 44. Bg3 Be5 45. Qf2 Bf6 46. Qf4 Be5 47. Qf2
Bg7 48. Qf4 Bc4 49. Rd2 Bb3 50. h4 Bxa4 51. h5 Be5 52. Qf2 Bxg3 53. Qxg3 g5 54.
Rf2 Qf8 55. Ref1 f4 56. Rxf4 Qe7 57. Rf5 Bb5 58. R1f2 Be8 59. Qg4 Rd6 60. Qd1
Bc6 61. Qd4 Re6 62. Rf6 Rd6 63. Rxd6 Qxd6 64. Rf6 Qg3 65. Rg6+ Kf8 66. Qf6+ 1-0

[Event "FIDE WCC Rapid 2016 Women"]
[Site "Doha"]
[Date "2016.12.26"]
[Round "3"]
[White "Krivec, Jana"]
[Black "Zhu, Chen"]
[Result "0-1"]
[WhiteElo "2264"]
[BlackElo "2419"]
[PlyCount "110"]
[EventDate "2016.??.??"]
[EventType "swiss"]
[EventCountry "QAT"]
[SourceTitle "playchess.com"]
[Source "ChessBase"]

1. e4 c5 2. Nc3 d6 3. Nf3 Nf6 4. Bb5+ Nbd7 5. O-O g6 6. e5 dxe5 7. Nxe5 Bg7 8.
Re1 O-O 9. Nxd7 Bxd7 10. Bxd7 Qxd7 11. d3 Rfe8 12. Bg5 b6 13. Qf3 Rad8 14. h3
h6 15. Bh4 g5 16. Bg3 Nd5 17. Be5 f6 18. Nxd5 Qxd5 19. Qxd5+ Rxd5 20. Bc3 e5
21. g4 b5 22. b3 Kf7 23. a4 b4 24. Bb2 h5 25. f3 Rh8 26. Re2 Kg6 27. Kg2 Bf8
28. Kf2 hxg4 29. hxg4 Rd7 30. Ke3 Kf7 31. Rc1 Ke6 32. Rf1 Rh3 33. Kd2 Kd5 34.
Rff2 Rdh7 35. Re1 Bd6 36. Ree2 Rg3 37. Re1 Rhh3 38. Ke2 Ke6 39. Bc1 Kf7 40. Be3
Kg6 41. Rc1 f5 42. gxf5+ Kxf5 43. c3 g4 44. fxg4+ Ke6 45. Bd2 Rxd3 46. cxb4
cxb4 47. g5 Rxb3 48. Rc6 Kd5 49. Ra6 Bc5 50. Rf7 Rh2+ 51. Kd1 Ke4 52. Rd7 Bd4
53. Kc1 Ra3 54. g6 Rh1+ 55. Kc2 b3# 0-1